header

Textbook of internal medicine / (Record no. 265132)

MARC details
000 -LEADER
fixed length control field 01609cam a2200457 a 4500
001 - CONTROL NUMBER
control field 597029
003 - CONTROL NUMBER IDENTIFIER
control field OSt
005 - DATE AND TIME OF LATEST TRANSACTION
control field 20251112094544.0
008 - FIXED-LENGTH DATA ELEMENTS--GENERAL INFORMATION
fixed length control field 910215s1992 paua b 001 0 eng c
010 ## - LIBRARY OF CONGRESS CONTROL NUMBER
LC control number 91010558
020 ## - INTERNATIONAL STANDARD BOOK NUMBER
International Standard Book Number 0397510489
Qualifying information one v. ed.
International Standard Book Number 0397510373
Qualifying information two v. ed. : set
International Standard Book Number 0397512244
Qualifying information two v. ed. : v. 1
International Standard Book Number 0397512252
Qualifying information two v. ed. : v. 2
International Standard Book Number 9780397510481
Qualifying information (one v. ed.)
International Standard Book Number 9780397510375
Qualifying information (two v. ed. : set)
International Standard Book Number 9780397512249
Qualifying information (two v. ed. : v. 1)
International Standard Book Number 9780397512256
Qualifying information (two v. ed. : v. 2)
035 ## - SYSTEM CONTROL NUMBER
System control number 597029
040 ## - CATALOGING SOURCE
Original cataloging agency DNLM/DLC
Transcribing agency DLC
Modifying agency DLC
050 00 - LIBRARY OF CONGRESS CALL NUMBER
Classification number RC46
Item number .T329 1992
060 ## - NATIONAL LIBRARY OF MEDICINE CALL NUMBER
Classification number WB 115 T355
082 00 - DEWEY DECIMAL CLASSIFICATION NUMBER
Classification number 616
Edition number 20
100 ## - MAIN ENTRY--PERSONAL NAME
Personal name Vincent T.DeVita,Jr [et al}
245 00 - TITLE STATEMENT
Title Textbook of internal medicine /
Statement of responsibility, etc editor-in-chief, William N. Kelley ; editors, Vincent T. DeVita, Jr. ... [et al.] ; 529 contributors.
250 ## - EDITION STATEMENT
Edition statement 2nd ed.
260 ## - PUBLICATION, DISTRIBUTION, ETC. (IMPRINT)
Place of publication, distribution, etc Philadelphia :
Name of publisher, distributor, etc Lippincott,
Date of publication, distribution, etc c1992.
300 ## - PHYSICAL DESCRIPTION
Extent xlviii, 2441, 182 p. :
Other physical details ill. (some col.) ;
Dimensions 29 cm.
336 ## - CONTENT TYPE
Content type term text
Content type code txt
Source rdacontent
337 ## - MEDIA TYPE
Media type term unmediated
Media type code n
Source rdamedia
338 ## - CARRIER TYPE
Carrier type term volume
Carrier type code nc
Source rdacarrier
504 ## - BIBLIOGRAPHY, ETC. NOTE
Bibliography, etc Includes bibliographical references and index.
650 #0 - SUBJECT ADDED ENTRY--TOPICAL TERM
Topical term or geographic name as entry element Internal medicine.
Topical term or geographic name as entry element Internal Medicine.
700 1# - ADDED ENTRY--PERSONAL NAME
Personal name Kelley, William N.,
Dates associated with a name 1939-
740 0# - ADDED ENTRY--UNCONTROLLED RELATED/ANALYTICAL TITLE
Uncontrolled related/analytical title Internal medicine.
906 ## - LOCAL DATA ELEMENT F, LDF (RLIN)
a 7
b cbc
c orignew
d 1
e ocip
f 19
g y-gencatlg
942 ## - ADDED ENTRY ELEMENTS (KOHA)
Source of classification or shelving scheme Library of Congress Classification
Koha item type Long Loan Books
Holdings
Withdrawn status Lost status Source of classification or shelving scheme Damaged status Not for loan Collection code Home library Current library Shelving location Date acquired Total Checkouts Full call number Barcode Date last seen Price effective from Koha item type
    Library of Congress Classification     Non-fiction Rongo University Library Rongo University Library General Stacks 12/11/2025   RC46 .T329 1992 20260515 12/11/2025 12/11/2025 Long Loan Books

© 2026 Rongo University
Contact us: librarian | system librarian | Rongo university